[Event "XXXV Open"]
[Site "Seville ESP"]
[Date "2010.01.11"]
[Round "4"]
[White "Gaitan Ramirez,A"]
[Black "Lanzani,M"]
[Result "0-1"]
[WhiteElo "2038"]
[BlackElo "2369"]

1.c4 Nf6 2.Nc3 c5 3.Nf3 d5 4.cxd5 Nxd5 5.d4 Nxc3 6.bxc3 g6 7.e4 Bg7 8.Rb1 O-O
9.Be3 cxd4 10.cxd4 Qa5+ 11.Qd2 Qxd2+ 12.Bxd2 b6 13.Bc4 Bb7 14.d5 Rc8 15.Rc1 Ba6
16.Bxa6 Nxa6 17.Ke2 Nc5 18.Ke3 Bh6+ 19.Kd4 e5+ 20.dxe6 Rd8+  0-1

[Event "Noteboom Mem"]
[Site "Leiden NED"]
[Date "2010.01.12"]
[Round "1"]
[White "Alienkin,A"]
[Black "Warmelink,E"]
[Result "1-0"]
[WhiteElo "2398"]
[BlackElo "1970"]

1.Nf3 c5 2.c4 Nf6 3.Nc3 e6 4.g3 b6 5.Bg2 Bb7 6.O-O Be7 7.Re1 O-O 8.e4 d6
9.d4 cxd4 10.Nxd4 Qc7 11.Ndb5 Qc6 12.Qe2 a6 13.Nd4 Qc7 14.Bd2 Nbd7 15.g4 Ne5
16.g5 Nfd7 17.b3 Nc6 18.Nxc6 Bxc6 19.Nd5 Bxd5 20.exd5 Nc5 21.b4 Nd7 22.dxe6 fxe6
23.Bh3 e5 24.Be6+ Kh8 25.Rac1 Qd8 26.Qg4 Ra7 27.Rc3  1-0

[Event "ch-AUS"]
[Site "Sydney AUS"]
[Date "2010.01.13"]
[Round "11"]
[White "Zhao Zong Yuan"]
[Black "Rej,T"]
[Result "1-0"]
[WhiteElo "2572"]
[BlackElo "2364"]

1.Nf3 Nf6 2.c4 c5 3.Nc3 d5 4.cxd5 Nxd5 5.g3 Nc6 6.Bg2 Nxc3 7.bxc3 e5 8.O-O Be7
9.d3 O-O 10.Rb1 Qc7 11.Be3 Rd8 12.Nd2 Be6 13.Qa4 Bd7 14.f4 Nd4 15.Qd1 Nf5
16.Rxb7 Qxb7 17.Bxb7 Nxe3 18.Qc1 Rab8 19.Rf3 exf4 20.gxf4 Nf5 21.Be4 Rb6
22.Nc4 Rg6+ 23.Kh1 Rb8 24.Ne5 Rgb6 25.Nxd7 Rb1 26.Rf1  1-0

[Event "2nd Kirov Memorial Open"]
[Site "Blagoevgrad BUL"]
[Date "2010.01.14"]
[Round "5"]
[White "Arnaudov,G"]
[Black "Daels,M"]
[Result "0-1"]
[WhiteElo "2413"]
[BlackElo "2207"]

1.Nf3 Nf6 2.c4 c5 3.Nc3 d5 4.cxd5 Nxd5 5.d4 cxd4 6.Qxd4 Nxc3 7.Qxc3 Nc6 8.e4 e6
9.a3 Bd7 10.Bb5 Qb6 11.Ba4 Qc5 12.Qb3 Rb8 13.Be3 Qa5+ 14.Bd2 Qc7 15.Qd3 Be7
16.Bc3 O-O 17.Bxc6 Bxc6 18.Be5 Qa5+ 19.b4 Rbd8 20.Qc3 Qa6 21.Bxg7 Rfe8 22.Bh6 e5
23.Nd2 Bxe4 24.Nxe4 Qxh6 25.O-O Rd4 26.Rfe1 Qe6 27.Qf3 b6 28.Qh5 Red8 29.Ng3 R8d5
30.Nf5 Rf4 31.Nh6+ Kf8 32.g3 e4 33.Qe2 Rg5 34.Qe3 Rh4 35.f4 exf3 36.Qxg5 f2+
37.Kxf2 Rxh2+ 38.Kg1 Rh1+ 39.Kg2 Rh2+ 40.Kg1 Rh1+ 41.Kf2 Bxg5 42.Rxe6 Rxa1
43.Rc6 Bxh6 44.Rxh6 Kg7 45.Rc6 Rxa3 46.Rc7 a5 47.bxa5 bxa5 48.Rc5 a4 49.Ra5 Ra1
50.Kf3 a3 51.Kg2 a2 52.g4 f6 53.Kh2 h5 54.gxh5 f5 55.Ra6 f4 56.Rg6+ Kh7 57.Rg2 Rh1+  0-1

[Event "2nd Kirov Memorial Open"]
[Site "Blagoevgrad BUL"]
[Date "2010.01.14"]
[Round "5"]
[White "Argiroudis,S"]
[Black "Velikov,P"]
[Result "0-1"]
[WhiteElo "2284"]
[BlackElo "2433"]

1.c4 Nf6 2.Nf3 c5 3.Nc3 e6 4.d4 cxd4 5.Nxd4 a6 6.g3 Qc7 7.e4 Bb4 8.Qd3 d6
9.Bd2 Nbd7 10.Nb3 O-O 11.a3 Bc5 12.Nxc5 Nxc5 13.Qc2 b5 14.cxb5 Ncxe4 15.Bg2 d5
16.Rc1 Nxd2 17.Qxd2 Qb6 18.bxa6 Bxa6 19.Ne2 Ng4 20.O-O Ne5 21.Rc2 Rab8 22.b4 Bc4
23.Qc3 d4 24.Qxd4 Qxd4 25.Nxd4 Bxf1 26.Kxf1 Rfd8 27.Nc6 Nxc6 28.Bxc6 Rdc8
29.Rc5 Kf8 30.b5 Ra8 31.Rh5 Rxa3 32.Rxh7 Kg8 33.Rh4 Rb3 34.Rd4 Rb2 35.h4 g6
36.Kg2 Rc7 37.Rd8+ Kg7 38.Ra8 Kf6 39.Kf3 Ke5 40.Ra3 f5 41.Ra8 Kf6 42.Rf8+ Kg7
43.Re8 Kf7 44.Rh8 Re7 45.Ke3 Kf6 46.Ra8 e5 47.f3 Rb3+ 48.Kf2 e4 49.fxe4 fxe4
50.Ke2 Rb4 51.Ke3 Rb1 52.Ra2 Ke5  0-1

[Event "8th Parsvnath Open"]
[Site "New Delhi IND"]
[Date "2010.01.15"]
[Round "3"]
[White "Murshed,N"]
[Black "Dahale,A"]
[Result "0-1"]
[WhiteElo "2419"]
[BlackElo "2114"]

1.c4 c5 2.Nc3 Nf6 3.Nf3 e6 4.e3 d5 5.d4 Nc6 6.cxd5 exd5 7.Be2 cxd4 8.exd4 Be7
9.Ne5 O-O 10.Nxc6 bxc6 11.O-O Rb8 12.Na4 Bd6 13.Bg5 h6 14.Bh4 Re8 15.Bd3 Bg4
16.f3 Bd7 17.b3 Qc7 18.Bxf6 Bxh2+ 19.Kh1 gxf6 20.Nc5 Bc8 21.f4 Bxf4 22.Qf3 Bg5
23.Rae1 Rxe1 24.Rxe1 Qf4 25.Qxf4 Bxf4 26.Re7 Bg4 27.g3 Bxg3 28.Kg2 Bf4 29.Rxa7 Re8
30.b4 h5 31.Ra3 Re3 32.Rb3 h4  0-1

[Event "XXXV Open"]
[Site "Seville ESP"]
[Date "2010.01.15"]
[Round "8"]
[White "Saravanan,V1"]
[Black "Franco Ocampos,Z"]
[Result "1-0"]
[WhiteElo "2356"]
[BlackElo "2535"]

1.Nf3 c5 2.c4 Nf6 3.Nc3 d5 4.cxd5 Nxd5 5.d4 Nxc3 6.bxc3 g6 7.e4 Bg7 8.Rb1 O-O
9.Be2 b6 10.O-O Bb7 11.Qd3 Ba6 12.Qe3 Qc8 13.Re1 Bxe2 14.Rxe2 e6 15.e5 Nc6
16.Qe4 Qa6 17.Bg5 Rac8 18.Bf6 Rc7 19.dxc5 bxc5 20.Rd2 Ne7 21.c4 Nc6 22.Rbd1 Na5
23.Bxg7 Kxg7 24.Qf4 Nxc4 25.Qf6+ Kg8 26.Rd8 Rc8 27.Ng5 Rcxd8 28.Rxd8 Nxe5
29.Rxf8+ Kxf8 30.Qxe5 Qxa2 31.Nxh7+ Ke8 32.h3 Qb1+ 33.Kh2 Qb6 34.f4 a5 35.Nf6+ Kd8
36.Ne4 c4 37.Qf6+ Ke8 38.Qh8+ Ke7 39.Qc8 Qd4 40.Qc7+ Kf8 41.Ng5  1-0

[Event "TCh-AUT 2009-10"]
[Site "Graz AUT"]
[Date "2010.01.17"]
[Round "7"]
[White "Ruck,R1"]
[Black "Stohl,I"]
[Result "1/2-1/2"]
[WhiteElo "2556"]
[BlackElo "2531"]

1.Nf3 Nf6 2.c4 c5 3.Nc3 e6 4.g3 b6 5.Bg2 Bb7 6.O-O Be7 7.Re1 d5 8.cxd5 Nxd5
9.e4 Nb4 10.d4 cxd4 11.Nxd4 N8c6 12.Nxc6 Qxd1 13.Rxd1 Bxc6 14.Bf4 g5 15.Bd6 Rd8
16.e5 Bxg2 17.Kxg2 Bxd6 18.exd6 f5 19.Rac1 Kd7 20.Nb5 Rc8 21.Rc7+ Rxc7 22.dxc7+ Nd5
23.Nxa7 Kxc7 24.Nb5+ Kd7 25.Nd4 Kd6 26.Re1 Nc7 27.Rc1 Ra8 28.Rc6+ Kd7 29.Rxb6 Rxa2
30.Nf3 g4 31.Ne5+ Kc8 32.h3 Ra5 33.Nc6 Rc5 34.hxg4 fxg4 35.b4 Rg5 36.Nd4 Kd7
37.Nb3 Rb5 38.Nc5+ Ke7 39.Rc6 Nd5 40.Rxe6+ Kf7 41.Rh6 Nf6 42.Nd3 Rd5 43.Nf4 Rb5
44.Nd3 Rd5 45.Nc1 Rd4 46.Na2 Rd2 47.Nc3 Rc2 48.Nd1 Rc1 49.Ne3 Rb1 50.Kh2 Rb2
51.Kg1 Kg7 52.Nf5+ Kf7 53.b5 Rxb5 54.Nd6+ Kg7 55.Rxh7+ Kxh7 56.Nxb5 Kg6 57.Nd6 Nd7
58.Kf1 Kf6 59.Nc4 Ne5 60.Ne3 Kg5 61.Ke2 Nf3 62.Kd3 Kh5 63.Ke4 Kg5 64.Nc4 Ng1
65.Ne5 Nh3 66.Nd3 Ng1 67.Ke5 Nh3 68.Ke4 Ng1 69.Nc5 Nh3 70.Ke3 Kf5 71.Ne4 Ke5
72.Nd2 Ng5 73.Nc4+ Kf5 74.Kd3 Nh3 75.Ne3+ Kg5 76.Nd1 Kf5 77.Kd4 Kf6 78.Ke4 Ke6
79.Ke3 Kf5 80.Nc3 Ng5 81.Kd4 Nh3 82.Ne4 Ke6 83.Nc5+ Kf6 84.Nd3 Kf5 85.Ke3 Ng5
86.Nf4 Nh3 87.Nxh3 gxh3 88.Kf3 Kg5 89.g4 h2 90.Kg2 Kxg4 91.Kxh2 Kf3  1/2-1/2

[Event "Open C"]
[Site "Marianske Lazne CZE"]
[Date "2010.01.18"]
[Round "3"]
[White "Ivanovic,Mir"]
[Black "Johansson,An"]
[Result "0-1"]
[WhiteElo "2183"]
[BlackElo "2032"]

1.c4 Nf6 2.Nc3 c5 3.Nf3 d5 4.cxd5 Nxd5 5.g3 Nc6 6.Bg2 Nc7 7.a3 Na6 8.O-O e5
9.d3 Be7 10.b3 O-O 11.Bb2 Be6 12.Ne4 f6 13.Rc1 Rc8 14.Re1 Kh8 15.e3 Na5 16.Rc3 Qb6
17.Ned2 Nc7 18.d4 Nb5 19.Rd3 c4 20.bxc4 Nxc4 21.Nxc4 Bxc4 22.Rd2 Nxa3 23.dxe5 Bb3
24.Qe2 Bc4 25.Qd1 Bb3 26.Qe2 Nc4 27.Rd7 Nxb2 28.Rxe7 Rc2 29.Nd2 fxe5 30.Rxb7 Bc4
31.Qg4 Qf6 32.Ne4 Qg6 33.Rc7 Qxg4  0-1

[Event "8th Parsvnath Open"]
[Site "New Delhi IND"]
[Date "2010.01.18"]
[Round "7"]
[White "Aravind,S2"]
[Black "Singh,SV"]
[Result "0-1"]
[WhiteElo "2103"]
[BlackElo "2214"]

1.Nf3 c5 2.c4 Nf6 3.Nc3 g6 4.g3 Bg7 5.Bg2 O-O 6.O-O d5 7.cxd5 Nxd5 8.Ng5 e6
9.Nxd5 exd5 10.d3 Nc6 11.Nh3 Ne7 12.Qc2 b6 13.Rb1 Bb7 14.Bd2 Qd7 15.Ng5 d4
16.Nf3 Rac8 17.Rfe1 Rfe8 18.a3 h6 19.Rbd1 Nf5 20.Bc1 Bd5 21.e4 dxe3 22.fxe3 Qb5
23.Qf2 Bb3 24.Rd2 Rcd8 25.g4 Ne7 26.d4 Nc6 27.Bf1 Qa4 28.dxc5 Qxg4+ 29.Qg2 Qxg2+
30.Kxg2 bxc5 31.Bb5 Rc8 32.Rd7 Re6 33.Nd2 Ba2 34.Nc4 Rce8 35.a4 a6 36.Bxc6 Rxc6
37.Na5 Rcc8 38.Re2 Be6 39.Rd6 Ra8 40.Rc2 Bf8 41.Rb6 Reb8 42.Rxb8 Rxb8 43.Bd2 Bf5
44.Rc1 Rxb2 45.Nc4 Ra2 46.a5 Be6  0-1

[Event "LX Abto de Verano"]
[Site "Villa Ballester ARG"]
[Date "2010.01.22"]
[Round "2"]
[White "Caramia,J"]
[Black "Anaya,M"]
[Result "1/2-1/2"]
[WhiteElo "2175"]
[BlackElo "1919"]

1.c4 Nf6 2.Nc3 c5 3.Nf3 g6 4.d4 cxd4 5.Nxd4 Bg7 6.e4 d6 7.Be2 O-O 8.O-O Nc6
9.Nc2 b6 10.Rb1 Bb7 11.f4 Nd7 12.Qd2 Nc5 13.Bf3 Ne6 14.b3 Nxf4 15.Bg4 Ne6
16.Bxe6 fxe6 17.Rxf8+ Qxf8 18.Nb5 Qf7 19.Qf4 Qxf4  1/2-1/2

[Event "ch-BUL S/F Men"]
[Site "Plovdiv BUL"]
[Date "2010.01.24"]
[Round "1"]
[White "Ljangov,P"]
[Black "Marholev,D"]
[Result "0-1"]
[WhiteElo "2107"]
[BlackElo "2431"]

1.c4 Nf6 2.Nc3 c5 3.Nf3 b6 4.e4 Nc6 5.d4 cxd4 6.Nxd4 Bb7 7.Nxc6 dxc6 8.Qc2 e5
9.Be2 Qc7 10.O-O Bc5 11.Kh1 O-O 12.Bg5 Nd7 13.Bg4 f6 14.Bd2 Rad8 15.Rad1 Kh8
16.Qd3 Bc8 17.Qh3 Nb8 18.Bxc8 Qxc8 19.Qxc8 Rxc8 20.Bc1 Bd4 21.Ne2 c5 22.b3 Nc6
23.Bd2 Rcd8 24.Bc3 Rf7 25.Rd2 Rfd7 26.Rfd1 Kg8 27.Kg1 Kf7 28.Kf1 Ke6 29.Rd3 g6
30.Bxd4 cxd4 31.f3 Nb4 32.R3d2 a5 33.Nc1 Na6 34.Nd3 Nc5 35.Ke2 Rc8 36.Nxc5+ bxc5
37.Rd3 Rb7 38.Kd2 a4 39.Kc2 Ra8 40.Rb1 axb3+ 41.axb3 Ra2+ 42.Rb2 Ra1 43.Rb1 Rba7
44.Rxa1 Rxa1 45.Kb2 Re1 46.Rd2 f5 47.exf5+ gxf5 48.b4 cxb4 49.Kb3 Kd6 50.Kxb4 Rb1+
51.Ka3 Kc5 52.Ka2 Re1 53.Kb3 e4 54.fxe4 fxe4 55.Rf2 Re3+  0-1

[Event "8th Gibtelecom Masters"]
[Site "Caleta ENG"]
[Date "2010.01.29"]
[Round "4"]
[White "Harika,D"]
[Black "Chapman,T"]
[Result "1-0"]
[WhiteElo "2471"]
[BlackElo "2221"]

1.Nf3 Nf6 2.c4 c5 3.Nc3 g6 4.g3 Bg7 5.Bg2 O-O 6.O-O Nc6 7.d4 cxd4 8.Nxd4 Ng4
9.e3 d6 10.b3 Nxd4 11.exd4 Nh6 12.Bxh6 Bxh6 13.Qe2 Bg7 14.Rad1 e6 15.h4 Rb8
16.h5 b6 17.f4 f5 18.hxg6 hxg6 19.g4 fxg4 20.Qxg4 Qe8 21.Nb5 Qe7 22.Qxg6 Rf6
23.Qg3 a6 24.Nc3 Bb7 25.d5 e5 26.f5 Rh6 27.Ne4 Qf7 28.f6 Rg6 29.fxg7 Rxg3
30.Rxf7 Rxg2+ 31.Kxg2 Kxf7 32.Nxd6+ Kxg7 33.Kf3 Ba8 34.Ke4 Rh8 35.Kxe5 Rh2
36.Rg1+ Kh7 37.Nf5 Rxa2 38.Rg7+ Kh8 39.Ra7 Re2+ 40.Kf6 Re8 41.Kg6 Rd8 42.Kh6 Rb8
43.Rh7+  1-0

[Event "ch-BUL S/F Men"]
[Site "Plovdiv BUL"]
[Date "2010.01.29"]
[Round "8"]
[White "Stanoev,A"]
[Black "Filev,G"]
[Result "1/2-1/2"]
[WhiteElo "2202"]
[BlackElo "2389"]

1.Nf3 Nf6 2.c4 c5 3.Nc3 g6 4.g3 Nc6 5.Bg2 Bg7 6.O-O O-O 7.d4 cxd4 8.Nxd4 Nxd4
9.Qxd4 d6 10.Qd2 Rb8 11.b3 Bd7 12.Bb2 Bc6 13.Rfd1 Bxg2 14.Kxg2 a6 15.Nd5 Nxd5
16.Bxg7 Kxg7 17.cxd5 Qd7 18.Rac1 Rfc8 19.Rxc8 Rxc8 20.Rc1 Rxc1 21.Qxc1 h5
22.Qc3+ Kg8 23.h4 Qf5 24.Qc4 b5 25.Qd3 Qe5 26.b4 Kg7 27.a3 Qb2 28.Kf3 Qf6+
29.Kg2 Qb2 30.Kf3 Qf6+ 31.Kg2  1/2-1/2

[Event "ch-ROU m"]
[Site "Baile Olanesti ROU"]
[Date "2010.02.03"]
[Round "5"]
[White "Berescu,A"]
[Black "Lupulescu,C"]
[Result "1/2-1/2"]
[WhiteElo "2476"]
[BlackElo "2592"]

1.c4 c5 2.Nc3 Nf6 3.Nf3 d5 4.cxd5 Nxd5 5.e4 Nb4 6.Bc4 Nd3+ 7.Ke2 Nf4+ 8.Kf1 Ne6
9.Ne5 Qd6 10.Qa4+ Nc6 11.Nxc6 Bd7 12.e5 Qxc6 13.Qxc6 Bxc6 14.Bxe6  1/2-1/2

[Event "TCh-Eur Seniors"]
[Site "Dresden GER"]
[Date "2010.02.12"]
[Round "3"]
[White "Liebert,H"]
[Black "Van Geffen,B"]
[Result "1/2-1/2"]
[WhiteElo "2255"]
[BlackElo "2174"]

1.c4 Nf6 2.Nf3 c5 3.Nc3 d5 4.cxd5 Nxd5 5.e3 Nxc3 6.bxc3 g6 7.Bb5+ Bd7 8.Qb3 Bg7
9.Bc4 O-O 10.Qxb7 Nc6 11.O-O Rb8 12.Qa6 Nb4 13.cxb4 Bxa1 14.bxc5 Bg7 15.d4 Qc7
16.Bd2 e6 17.Rc1 Bf6  1/2-1/2

[Event "BSF 75th Ann."]
[Site "Bronshoj DEN"]
[Date "2010.02.15"]
[Round "1"]
[White "Andersen,Dani"]
[Black "Akdag,D"]
[Result "0-1"]
[WhiteElo "2024"]
[BlackElo "2157"]

1.c4 c5 2.Nf3 Nf6 3.Nc3 e6 4.g3 b6 5.Bg2 Bb7 6.d4 cxd4 7.Qxd4 Be7 8.O-O d6
9.Rd1 a6 10.e4 Nbd7 11.b3 O-O 12.Ba3 Nc5 13.e5 dxe5 14.Qxd8 Rfxd8 15.Nxe5 Bxg2
16.Kxg2 Bf8 17.f3 Rdb8 18.g4 h6 19.h4 Rd8 20.Rxd8 Rxd8 21.Rd1 Rxd1 22.Nxd1 Bd6
23.Bxc5 Bxc5 24.Nf2 Bd6 25.Ned3 b5 26.Ne4 Nxe4 27.fxe4 bxc4 28.bxc4 Kf8 29.e5 Bc7
30.Kf3 Ke8 31.Ke4 Bb6 32.g5 h5 33.c5 Ba5 34.Kd4 Kd7 35.Kc4 Bd2 36.Nf2 Be1  0-1

[Event "Uxbridge Int Petrosian"]
[Site "Uxbridge ENG"]
[Date "2010.02.15"]
[Round "5"]
[White "Lock,G"]
[Black "Staneland,P"]
[Result "1-0"]
[WhiteElo "2170"]
[BlackElo "1742"]

1.Nf3 Nf6 2.c4 c5 3.Nc3 e6 4.g3 d5 5.cxd5 exd5 6.d4 cxd4 7.Nxd4 Nc6 8.Bg2 Qb6
9.Nxc6 bxc6 10.O-O Bg4 11.h3 Be6 12.Be3 Qa6 13.Na4 Be7 14.a3 O-O 15.Bd4 Rfd8
16.Rc1 Rac8 17.Kh2 Qb7 18.Nc5 Bf5 19.Qa4 Qb8 20.Rfd1 h6 21.b4 Nd7 22.Nxd7 Bxd7
23.Qxa7 Qb5 24.Bf1 Ra8 25.e3 Rxa7 26.Bxb5 Rxa3 27.Bxc6 Bxc6 28.Rxc6 Bxb4
29.Rb1 Bf8 30.Rb7 Ra2 31.Kg2 Bd6 32.g4 Bf8 33.Rcc7 f6 34.h4 Ra6 35.Bb6 Rd6
36.Bd4 Rd8 37.Kf3 Re6 38.Ra7 Rde8 39.Rd7 R8e7 40.Rxd5 Rxa7 41.Bxa7 Rd6 42.Rxd6 Bxd6
43.Ke4 Kf7 44.h5 Ba3 45.Kf5 Bb2 46.Bd4 Ba3 47.f4 Bd6 48.e4 Bc7 49.e5 fxe5
50.fxe5 Bd8 51.e6+ Kf8 52.Kg6 Ke7 53.Bxg7 Kxe6 54.Bxh6  1-0

[Event "4th SOP-SMAOK Open"]
[Site "Athens GRE"]
[Date "2010.02.16"]
[Round "6"]
[White "Delithanasis,D"]
[Black "Galanos,D"]
[Result "1-0"]
[WhiteElo "2201"]
[BlackElo "2173"]

1.Nf3 Nf6 2.c4 c5 3.Nc3 g6 4.g3 b6 5.Bg2 Bb7 6.O-O Bg7 7.d4 cxd4 8.Qxd4 Nc6
9.Qf4 O-O 10.Rd1 d6 11.Qh4 Na5 12.Bh6 Rc8 13.b3 Rc5 14.Ng5 Bxg2 15.Kxg2 Qa8+
16.f3 Re5 17.e4 Rc8 18.Bxg7 Kxg7 19.f4 Rec5 20.Nd5 h6 21.Nf3 Nxe4 22.Qxe7 Re8
23.Qh4 b5 24.b4 Rxc4 25.bxa5 Rc2+ 26.Kg1 Qc6 27.Rd4 Re6 28.f5 g5 29.Qg4 Nf2
30.Qh5 g4 31.fxe6 Nh3+ 32.Kh1 Rc1+ 33.Rd1 Ng5 34.Raxc1  1-0

[Event "TCh-Eur Seniors"]
[Site "Dresden GER"]
[Date "2010.02.16"]
[Round "7"]
[White "Weidlich,G"]
[Black "Taksrud,V"]
[Result "1/2-1/2"]
[WhiteElo "2198"]
[BlackElo "2109"]

1.Nf3 Nf6 2.c4 c5 3.Nc3 g6 4.d4 cxd4 5.Nxd4 Bg7 6.e4 Nc6 7.Nc2 O-O 8.Be2 d6
9.Be3 Be6 10.f3 Ne5 11.b3 Nfd7 12.Nd4 Qa5 13.Qd2 Nc6 14.Nxc6 bxc6 15.Rc1 f5
16.exf5 gxf5 17.f4 d5 18.cxd5 cxd5 19.Nb5 Qxd2+ 20.Kxd2 Bf7 21.Bxa7 e5 22.fxe5 Nxe5
23.Rc7 Bh6+ 24.Kc2 f4 25.Kb2 Bg6 26.Nd4 Rfc8 27.Rhc1 Re8 28.Bb5 Nd3+ 29.Bxd3 Bxd3
30.Rg1 Bg7 31.Bc5 Bg6 32.a4 Re4 33.Kc3 Re3+ 34.Kb4 Rd3 35.Nb5 Be5 36.Bd6 Bxd6+
37.Nxd6 Rd8 38.Nb7 Re8 39.Nc5 Rd2 40.Rf1 Rxg2 41.Rxf4 Rxh2 42.a5 Rb8+ 43.Rb7 Ra8
44.a6 Ra2 45.Rf6 d4 46.Rfb6 d3 47.Rb8+ Rxb8 48.Rxb8+ Kf7 49.Rd8 d2 50.Na4 Ke7
51.Rd4 Bh5 52.a7 Bf3 53.Kc3 h5 54.Rxd2 Rxd2 55.Kxd2 Kd6 56.Ke3 Bh1 57.b4 Kc7
58.b5 Kb7 59.Kf4 Kxa7 60.Kg5  1/2-1/2

[Event "TCh-Eur Seniors"]
[Site "Dresden GER"]
[Date "2010.02.17"]
[Round "8"]
[White "Taylor,RG"]
[Black "Thieme,H"]
[Result "1-0"]
[WhiteElo "2027"]
[BlackElo "2128"]

1.Nf3 c5 2.c4 Nf6 3.Nc3 e6 4.d4 cxd4 5.Nxd4 b6 6.e4 d6 7.Be2 a6 8.Be3 Nbd7
9.f4 Bb7 10.Qc2 Rc8 11.b3 Qc7 12.Rc1 Qb8 13.O-O Be7 14.Bf3 O-O 15.g4 h6 16.h4 g6
17.g5 hxg5 18.hxg5 Nh5 19.Qh2 Rfe8 20.Kg2 Nf8 21.Rh1 e5 22.f5 exd4 23.f6 Rc5
24.Qh4 Nxf6 25.Qh8+  1-0

[Event "Open"]
[Site "Novy Bor CZE"]
[Date "2010.02.17"]
[Round "6"]
[White "Galochkin,S"]
[Black "Bednar,Ma"]
[Result "0-1"]
[WhiteElo "2037"]
[BlackElo "2185"]

1.Nf3 Nf6 2.c4 c5 3.Nc3 b6 4.e3 Bb7 5.d4 e6 6.d5 d6 7.e4 e5 8.Be2 g6 9.O-O Bg7
10.Ne1 O-O 11.Nd3 Ba6 12.b3 Nbd7 13.Bd2 Bc8 14.Rb1 Ne8 15.f3 f5 16.g4 f4
17.Be1 Bf6 18.Kg2 h5 19.h3 Kf7 20.Bf2 Bh4 21.Bxh4 Qxh4 22.Qe1 Qe7 23.Qf2 Rh8
24.Rh1 g5 25.Rh2 Nf8 26.Kf1 Ng6 27.Ne1 Nf6 28.Qg1 Bd7 29.Rb2 Rh6 30.Bd1 Rah8
31.Rbg2 Nh4 32.Rf2 Kf8 33.Qh1 Qh7 34.Kg1 Kf7 35.a4 Qg8 36.Nb5 Qb8 37.Nc3 Qb7
38.Be2 Qa6 39.Bd1 Qa5 40.Rc2 a6 41.Nd3 Kg6 42.Kf1 b5 43.Nb2 Kf7 44.Rc1 Nxf3
45.Qxf3 hxg4 46.Qd3 b4 47.Ne2 Qd8 48.Ng1 gxh3 49.Bf3 g4 50.Bh1 Qg8 51.Rcc2 a5
52.Nd1 Ke7 53.Rb2 Kd8 54.Rbc2 Kc7 55.Rb2 Kb6 56.Rbc2 Ka7 57.Rb2 Kb6 58.Rbc2 Ka7
59.Rb2 Rg6 60.Rbc2 g3 61.Rhd2 h2 62.Nf3 g2+ 63.Rxg2 Bh3 64.Nxh2 Bxg2+ 65.Rxg2 Rxg2
66.Bxg2 Rxh2 67.Qf3 Qxg2+ 68.Qxg2 Rxg2 69.Kxg2 Nxe4  0-1

[Event "TCh-Eur Seniors"]
[Site "Dresden GER"]
[Date "2010.02.18"]
[Round "9"]
[White "Sloth,J"]
[Black "Van Geffen,B"]
[Result "1/2-1/2"]
[WhiteElo "2300"]
[BlackElo "2174"]

1.c4 Nf6 2.Nf3 c5 3.Nc3 d5 4.cxd5 Nxd5 5.g3 Nc6 6.Bg2 Nc7 7.b3 e5 8.O-O Be7
9.Bb2 O-O 10.Qb1 f6 11.Rd1 Be6 12.d3 Qd7 13.Rd2 Rac8 14.Qf1 b6 15.Rad1 Rcd8
16.h3 Nd4 17.Kh2 Nd5 18.e3 Nxc3 19.Bxc3 Nxf3+ 20.Bxf3 Bd5 21.Qg2 Qc6 22.Bxd5+ Qxd5
23.Qxd5+ Rxd5 24.Kg2 Rfd8 25.e4 R5d7 26.f4 Bd6 27.Kf3 Kf7 28.Rf2 Ke6 29.f5+ Kf7
30.Ke2 Bc7 31.Rf3 b5 32.Rc1 Bb6 33.Be1 Rc7 34.a4 a6 35.Bf2 Rdc8 36.Kd1 Ba5
37.Be3 Bb6 38.Bd2  1/2-1/2

[Event "Open"]
[Site "Novy Bor CZE"]
[Date "2010.02.19"]
[Round "8"]
[White "Galochkin,S"]
[Black "Martinec,J"]
[Result "1-0"]
[WhiteElo "2037"]
[BlackElo "1829"]

1.Nf3 c5 2.c4 Nf6 3.Nc3 d5 4.cxd5 Nxd5 5.e4 Nb4 6.Bb5+ N8c6 7.d4 cxd4 8.a3 dxc3
9.Qxd8+ Kxd8 10.axb4 Nxb4 11.O-O c2 12.Ne5 Be6 13.Bd2 f6 14.Bxb4 fxe5 15.Rfc1 Bb3
16.Ra3 a6 17.Ba5+ Kc8 18.Be2 Bf7 19.Rxc2+ Kd7 20.Rc7+ Ke8 21.Bg4 e6 22.Rac3 Bd6
23.Rxb7 h5 24.Bd1 Rh6 25.Rd3 Bc5 26.Rc7 Bd4 27.Rb3 Rf6 28.Bf3 g5 29.Rbb7 g4
30.Bb4 a5 31.Be7 Rg6 32.Bd1 Bg8 33.Bd6 Rf6 34.Ba4+ Kd8 35.Be7+  1-0

[Event "IFPX Categoria A"]
[Site "Sao Paulo BRA"]
[Date "2010.02.21"]
[Round "4"]
[White "Sega,C"]
[Black "Van Riemsdijk,D"]
[Result "0-1"]
[WhiteElo "2253"]
[BlackElo "2190"]

1.c4 c5 2.Nc3 Nf6 3.Nf3 d5 4.cxd5 Nxd5 5.d4 Nxc3 6.bxc3 g6 7.Bg5 Bg7 8.e3 O-O
9.Be2 Nc6 10.O-O Be6 11.Qa4 a6 12.Qa3 f6 13.Bh4 Qa5 14.Qb2 cxd4 15.cxd4 Bd5
16.Rfc1 Qd8 17.Rc5 Qd7 18.Rac1 Kh8 19.Nd2 g5 20.Bg3 f5 21.f4 Qe6 22.Bc4 Rad8
23.Bxd5 Rxd5 24.Rxd5 Qxd5 25.Qxb7 Qxa2 26.Nf1 gxf4 27.Bxf4 Nxd4 28.exd4 Bxd4+
29.Be3 Bxe3+ 30.Nxe3 Qd2  0-1

[Event "18th Fajr Open"]
[Site "Mashhad IRI"]
[Date "2010.02.22"]
[Round "4"]
[White "Mahdavirad,M"]
[Black "Mahjoob,M"]
[Result "0-1"]
[WhiteElo "2204"]
[BlackElo "2512"]

1.c4 c5 2.Nf3 Nf6 3.Nc3 g6 4.d4 cxd4 5.Nxd4 Nc6 6.g3 d6 7.Bg2 Bd7 8.O-O Bg7
9.b3 Qa5 10.Bb2 O-O 11.e3 Rac8 12.Qe2 a6 13.Rac1 Rfe8 14.a3 Bg4 15.Nxc6 bxc6
16.f3 Bd7 17.b4 Qc7 18.f4 Qa7 19.Kh1 Ng4 20.Rce1 e5 21.h3 Nf6 22.Qd3 Rcd8
23.Kh2 d5 24.Na4 Bf5 25.Qb3 dxc4 26.Qc3 exf4 27.exf4 Ng4+ 28.hxg4 Bxc3 29.Bxc3 Bxg4
30.Bf6 Rxe1 31.Rxe1 Qf2 32.Rf1 Qd2 33.Bxd8 Qxd8 34.Bxc6 c3 35.Rf2 Qd4 36.Rc2 Bd1  0-1

[Event "Masters B"]
[Site "Nancy FRA"]
[Date "2010.02.23"]
[Round "2"]
[White "Fomichenko,E"]
[Black "Iglesias,Joa"]
[Result "1-0"]
[WhiteElo "2515"]
[BlackElo "2284"]

1.c4 Nf6 2.Nf3 c5 3.Nc3 g6 4.d4 Bg7 5.e4 O-O 6.Be2 d6 7.O-O Bg4 8.d5 Ne8
9.Bd2 Nc7 10.Re1 Re8 11.Bf1 e6 12.h3 Bxf3 13.Qxf3 Nd7 14.Qg3 Qe7 15.Kh1 Qf8
16.Rab1 Rab8 17.Bf4 e5 18.Bd2 Bh6 19.Qd3 Qg7 20.a3 Bxd2 21.Qxd2 f5 22.b4 b6
23.Qc2 f4 24.Be2 h5 25.Qa4 Rec8 26.Rb2 Qe7 27.Reb1 Kf8 28.Qd1 Rb7 29.Bd3 Rcb8
30.Bc2 b5 31.bxc5 Nxc5 32.cxb5 a6 33.a4 axb5 34.axb5 Na8 35.Na2 Qf7 36.Qe2 Nb6
37.Nb4 Kg7 38.Ra2 Rf8 39.Ra3 Kh6 40.Nc6 Qd7 41.Bd1 Rg8 42.Rba1 Rg7 43.Qc2 Qe8
44.Bf3 g5 45.Qe2 Qg6 46.g4 h4 47.Rc1 Qe8 48.Qc2 Kg6 49.Be2 Kf6 50.f3 Rgc7
51.Qa2 Rg7 52.Qa1 Rbc7 53.Rc2 Rgd7 54.Kg2 Rf7 55.Qc3 Rfd7 56.Qb4 Rb7 57.Ra5 Rdc7
58.Rxc5 dxc5 59.Qxc5 Rd7 60.Ra6 Na8 61.Nxe5+  1-0

[Event "Reykjavik Open"]
[Site "Reykjavik ISL"]
[Date "2010.02.25"]
[Round "2"]
[White "Lenderman,A"]
[Black "Gretarsson,Hj"]
[Result "1-0"]
[WhiteElo "2560"]
[BlackElo "2358"]

1.c4 Nf6 2.Nc3 c5 3.Nf3 g6 4.d4 cxd4 5.Nxd4 Bg7 6.e4 d6 7.Be2 O-O 8.Be3 Nc6
9.O-O a5 10.Ndb5 Be6 11.f4 Qd7 12.h3 h5 13.Rc1 Rfc8 14.b3 a4 15.Bd3 axb3
16.axb3 Qe8 17.Nd5 Bxd5 18.cxd5 Nb4 19.Nc7 Rxc7 20.Rxc7 Nfxd5 21.exd5 Nxd5
22.Qc1 Nxc7 23.Qxc7 Qc6 24.Rc1 Qd5 25.Qc4 Qxc4 26.Rxc4 d5 27.Rc7 Ra1+ 28.Kf2 e6
29.Rxb7 Bc3 30.Kf3 g5 31.Rc7 d4 32.fxg5 Rd1 33.Rc8+ Kg7 34.Rxc3 dxc3 35.Ke2 Ra1
36.Bd4+ Kf8 37.Bxc3 Ra2+ 38.Kf3 Ke7 39.h4 Ra7 40.Bc4 Rb7 41.g4 hxg4+ 42.Kxg4 Kf8
43.h5 Kg8 44.h6 Rd7 45.g6  1-0

[Event "ch-IND National Teams"]
[Site "Gurgaon IND"]
[Date "2010.02.26"]
[Round "8"]
[White "Bakre,T"]
[Black "Maheswaran,P"]
[Result "1/2-1/2"]
[WhiteElo "2465"]
[BlackElo "2355"]

1.Nf3 Nf6 2.c4 e6 3.Nc3 c5 4.e4 d6 5.d4 cxd4 6.Nxd4 a6 7.Be2 Qc7 8.O-O b6
9.Bg5 Be7 10.Bf3 Bb7 11.Bxf6 gxf6 12.Rc1 Nd7 13.Bh5 O-O 14.f4 Kh8 15.f5 Qc5
16.Kh1 e5 17.Nf3 Rac8 18.Qd2 Qb4 19.Nd5 Qxd2 20.Nxd2 Bd8 21.Nb3 Nc5 22.Nxc5 bxc5
23.Nc3 Ba5 24.Bf3 Bc6 25.Rfd1 Rfd8 26.Rd3 Rb8 27.b3 Bc7 28.Re1 Rg8 29.Nb1 Rg7
30.Kg1 Kg8 31.Red1 Rd8 32.Na3 Kf8 33.Nc2 Ke7 34.Re1 Rdg8 35.Kf2 Rg5 36.Re2 Rb8
37.Ke1 Ba5+ 38.Kd1 Bc7 39.Kc1 Rb7 40.Red2 Rb8 41.a3 Rgg8 42.Kb2 Rg7 43.Kc3 Rgg8
44.Kb2 Rg7 45.Ka2 Rgg8 46.Ne3 Rb7 47.Nd1 Rbb8 48.Rb2 Rb7 49.Nc3 Ba5 50.Nd1 Bc7
51.Rb1 Rbb8 52.Nc3 Ba5 53.Rbd1 Bc7 54.R1d2 Rb7 55.Rb2 Ba5 56.Ne2 Bc7 57.Ng3 Rbb8
58.Nh5 Rg5 59.g4 Rgg8 60.Rbd2 Rbd8 61.h3 h6 62.Ng3 Rb8 63.Nh5 Rbd8 64.Rg2 Rb8
65.h4 Rh8 66.Kb2 Ba5 67.Nxf6 Be1 68.Rh2 Bg3 69.Rh1 Bf2 70.Nh5 Bd4+ 71.Kc2 Rhg8
72.f6+ Kd7 73.Ng7 Kc7 74.g5 Bd7 75.Bh5 Rbf8 76.Rh2 Rh8 77.Rg2 Bc6 78.Re2 Bd7
79.Rg3 hxg5 80.hxg5 Bc8 81.Reg2 a5 82.a4 Bd7 83.Bg4 Bxg4 84.Rxg4 Rh3 85.R4g3 Rh1
86.g6 Rf1 87.Nf5 fxg6 88.Rxg6 Rf3 89.Rg7+ Kb6 90.Ne7 Rc3+ 91.Kd1 Rxb3 92.Nd5+ Ka6
93.R2g6 Rh8 94.Nc7+ Kb6 95.Nd5+  1/2-1/2

[Event "Reykjavik Open"]
[Site "Reykjavik ISL"]
[Date "2010.02.27"]
[Round "5"]
[White "Gretarsson,Hj"]
[Black "Hjartarson,B"]
[Result "1-0"]
[WhiteElo "2358"]
[BlackElo "2162"]

1.c4 Nf6 2.Nc3 e6 3.Nf3 c5 4.e4 d6 5.d4 cxd4 6.Nxd4 a6 7.Be2 Be7 8.Be3 O-O
9.O-O Bd7 10.Rc1 Nc6 11.f4 Rc8 12.Bf3 Qc7 13.Nxc6 Bxc6 14.Nd5 exd5 15.cxd5 Qa5
16.dxc6 bxc6 17.a3 Rfd8 18.Qe2 d5 19.e5 Nd7 20.Bg4 Qb5 21.Qc2 Rc7 22.Rfd1 Nf8
23.f5 c5 24.Qf2 c4 25.Kh1 Bc5 26.Bf3 Qb6 27.Bxc5 Qxc5 28.Qh4 Rcc8 29.b4 Qe3
30.e6 fxe6 31.Re1 Qxa3 32.fxe6 Nxe6 33.Bg4 Re8 34.Rc2 Nf8 35.Bxc8 Rxc8 36.Qe7 Qd3
37.Rf2 Qg6 38.Rf3 c3 39.Rg3 Qh6 40.Rf1 g6 41.Qb7 Rd8 42.Qf7+ Kh8 43.Qf6+  1-0